000 01147nam a2200205Ia 4500
999 _c7828
_d7828
005 20250708080916.0
008 230417s9999 xx 000 0 und d
040 _aUPAN
_cBiblioteca San Vicente
_eRCAA2
041 _aspa
082 _a320.51
_bR258l
_c1996
100 _aRawls, John
_4aut.
245 0 _aLiberalismo político./
_cJohn Rawls
250 _a2ª reimp
260 _aMexico:
_bFodo de cultura economica,
_c1996
300 _a359 p:
_c22cm.
505 _aPrimera Parte: Liberalismo político: Elementos básicos. Conferencia I. Ideas fundamentales. Conferencia II. Los poderes de los ciudadanos y su representación. Conferencia III. Constructivismo político. Segunda Parte: Liberalismo político: Tres ideas fundamentales. Conferencia IV. La idea de un consenso traslapado. Conferencia V. Prioridad de lo justo e ideas del bien. Conferencia VI. La idea de la razón pública. Tercera Parte: El marco institucional. Conferencia VII. La estructura básica como objeto. Conferencia VIII. Las libertades básicas y su propiedad.
650 _2LEMB
_aLiberalismo
650 _2LEMB
_aCiencias Politicas
_94
942 _cBK
_2ddc